| 000 | cam a22 7a 4500 | ||
|---|---|---|---|
| 999 |
_c7155 _d7155 |
||
| 003 | OSt | ||
| 005 | 20180830142249.0 | ||
| 008 | 180830e201805 sp 000 0 spa d | ||
| 020 | _a9788416001903 | ||
| 040 |
_aSP-BaPL _bcat _cCDMR |
||
| 100 | 1 |
_aZurutuza, Karlos, _d1971- |
|
| 245 | 1 | 0 |
_aTierra adentro _b: vida y muerte en la ruta libia hacia Europa / _cKarlos Zurutuza. |
| 260 |
_aMadrid : _bLibros del K.O., _c2018 |
||
| 300 |
_a141 p. _c22 cm |
||
| 650 | 0 |
_aCorresponsals de guerra _zLibia _93678 _vRelats personals |
|
| 651 | 0 |
_aAfrica _xEmigració i immigració |
|
| 651 | 0 |
_aEurope _xEmigració i immigració |
|
| 942 | _cMON | ||